000
00296nam a2200109Ia 4500
008
230907s9999||||xx |||||||||||||| ||und||
082
_a
621.392
_b
BRO
245
0
_a
Fundamentals of digital logic with Verilog design /
260
_a
McGraw-Hill,
_b
New York :
_c
2014
300
_a
847 p.
942
_c
BK
999
_c
599899
_d
599899